书目信息 |
| 题名: |
汇率风险管理手册 上
|
|
| 作者: | 赵玲华 , 王林 主编 | |
| 分册: | ||
| 出版信息: | 北京 中国轻工业出版社 2006.08 |
|
| 页数: | 273页 | |
| 开本: | 21cm | |
| 丛书名: | ||
| 单 册: | ||
| 中图分类: | F830.7-62 , F830.92 | |
| 科图分类: | ||
| 主题词: | 汇率--风险管理--基本知识 , 外汇市场--风险管理--基本知识 , 汇率 , 风险管理 , 外汇市场 | |
| 电子资源: | ||
| ISBN: | 7-5019-5525-5 | |
| 000 | 01237nam0 2200325 450 | |
| 001 | 003428909 | |
| 005 | 20070705174249.0 | |
| 010 | @a7-5019-5525-5@dCNY 29.00 | |
| 100 | @a20100913d2006 em y0chiy0110 ea | |
| 101 | 0 | @achi |
| 102 | @aCN@b110000 | |
| 105 | @ay z 000yy | |
| 200 | 1 | @a汇率风险管理手册 上@Ahui lu feng xian guan li shou ce shang@e外汇避险工具运用与政策指引@f赵玲华,王林主编 |
| 210 | @a北京@c中国轻工业出版社@d2006.08 | |
| 215 | @a273页@d21cm | |
| 312 | @a封面英文题名:Handbook of foreign exchange rate administration | |
| 330 | @a本书主要介绍了有关汇率风险和风险管理方面的基础知识,并对各种金融外汇衍生工具及避险方案作了分门别类的归纳介绍,而且辅助之以具体案例做出说明。 | |
| 510 | 1 | @aHandbook of foreign exchange rate administration@zeng |
| 517 | 1 | @a外汇避险工具运用与政策指引@Awai hui bi xian gong ju yun yong yu zheng ce zhi yin |
| 606 | 0 | @a汇率@x风险管理@x基本知识 |
| 606 | 0 | @a外汇市场@x风险管理@x基本知识 |
| 606 | 0 | @a汇率 |
| 606 | 0 | @a风险管理 |
| 606 | 0 | @a外汇市场 |
| 690 | @aF830.7-62@v5 | |
| 690 | @aF830.92@v5 | |
| 701 | 0 | @a赵玲华@Azhao ling hua@c(外汇管理)@4主编 |
| 701 | 0 | @a王林@Awang lin@c(财经)@4主编 |
| 905 | @aBZT@dF830.7-62@e1-1 | |
| 906 | @dCNY58.00(全2册)@n0@r1 | |
| 汇率风险管理手册 上:外汇避险工具运用与政策指引/赵玲华,王林主编.-北京:中国轻工业出版社,2006.08 |
| 273页;21cm |
| ISBN 7-5019-5525-5:CNY 29.00 |
| 本书主要介绍了有关汇率风险和风险管理方面的基础知识,并对各种金融外汇衍生工具及避险方案作了分门别类的归纳介绍,而且辅助之以具体案例做出说明。 |
| ● |
| 相关链接 |
|
|
|
正题名:汇率风险管理手册 上
索取号:F830.7-62/1-1
 
预约/预借
| 序号 | 登录号 | 条形码 | 馆藏地/架位号 | 状态 | 备注 |
| 1 | 772928 | 2000772928 | 中心书库北库/ 北库036架A面5列1层46/ [索取号:F830.7-62/1-1] | 在馆 | |
| 2 | 772929 | 2000772929 | 中心书库北库/ 北库036架A面5列1层47/ [索取号:F830.7-62/1-1] | 在馆 | |
| 3 | 772930 | 2000772930 | 中心书库北库/ 北库036架A面5列1层48/ [索取号:F830.7-62/1-1] | 在馆 | |
| 4 | 772931 | 2000772931 | 中心书库北库/ 北库036架A面5列1层49/ [索取号:F830.7-62/1-1] | 在馆 | |
| 5 | 772932 | 2000772932 | 中心书库北库/ 北库036架A面5列1层50/ [索取号:F830.7-62/1-1] | 在馆 | |
| 6 | 772933 | 2000772933 | 中心书库北库/ 北库036架A面5列1层51/ [索取号:F830.7-62/1-1] | 在馆 | |
| 7 | 772934 | 2000772934 | 中心书库北库/ 北库036架A面5列1层52/ [索取号:F830.7-62/1-1] | 在馆 | |
| 8 | 772935 | 2000772935 | 中心书库北库/ 北库036架A面5列1层53/ [索取号:F830.7-62/1-1] | 在馆 | |
| 9 | 772936 | 2000772936 | 中心书库北库/ 北库036架A面5列1层44/ [索取号:F830.7-62/1-1] | 在馆 | |
| 10 | 772937 | 2000772937 | 中心书库北库/ 北库036架A面5列1层45/ [索取号:F830.7-62/1-1] | 在馆 |